Malé Karpaty letná turistická mapa /
| Corporate Author: | Slovenská kartografia |
|---|---|
| Other Authors: | Ščipák, Jozef, Farkaš, Mikuláš, 1928-1990, Stasz, Michal, Ružek, Milan, Kelemen, Albert, 1922-1985, Hudáňová, Helena, Československý svaz tělesné výchovy. Svaz turistiky |
| Language: | Hungarian Russian German Slovak English |
| Published: |
Bratislava : Slovenská kartografia v spolupráci so Zväzom turistiky ČSZTV, 1977 |
| Edition: | 5. vyd. |
| Series: |
Súbor turistických máp
|
| Physical Description: |
1 mapa : oboustr., barev. ; na listu 44 x 53 cm, složeno na 22 x 11 cm |
| Language note: |
Legenda slovensky, maďarsky, anglicky, německy a rusky |
| LEADER | 02823nem a2200541 a 4500 | ||
|---|---|---|---|
| 001 | 000386007 | ||
| 003 | CZ BrMZK | ||
| 005 | 20140506135947.0 | ||
| 007 | aj|canzn | ||
| 008 | 980107s1977 xo acg a 0 slo d | ||
| 034 | 1 | |a a |b 100000 |d E0165839 |e E0174003 |f N0484133 |g N0480802 | |
| 040 | |a BOA001 |b cze | ||
| 041 | 0 | |a slo |a hun |a eng |a ger |a rus | |
| 043 | |a e-xo--- | ||
| 072 | 7 | |a 796 |x Sport. Hry. Tělesná cvičení |2 Konspekt |9 20 | |
| 072 | 7 | |a 912 |x Mapy. Atlasy. Glóby |2 Konspekt |9 7 | |
| 080 | |a 796.5:625.711.8 |2 MRF | ||
| 080 | |a 913:338.483.1 |2 MRF | ||
| 080 | |a 913(437.6) |2 MRF | ||
| 080 | |a (084.3)796.5 |2 MRF | ||
| 245 | 0 | 0 | |a Malé Karpaty |h [kartografický dokument] : |b letná turistická mapa / |c vydala, spracovala a vytlačila Slovenská kartografia Bratislava v spolupráci so Zväzom turistiky ČSZTV ; zodpovedný redaktor 1. vyd. Mikuláš Farkaš ; zodpovedný redaktor 4. vyd. Jozef Ščipák ; technický redaktor 1. vyd. Michal Stasz ; technický redaktor 5. vyd. Milan Ružek ; spolupracoval: Albert Kelemen ; obalka: Helena Hudáňová |
| 250 | |a 5. vyd. | ||
| 255 | |a Měřítko 1:100 000 |c (16°58´39" v.d.--17°40´03" v.d./48°41´33" s.š.--48°08´02" s.š.) | ||
| 260 | |a Bratislava : |b Slovenská kartografia v spolupráci so Zväzom turistiky ČSZTV, |c 1977 | ||
| 300 | |a 1 mapa : |b oboustr., barev. ; |c na listu 44 x 53 cm, složeno na 22 x 11 cm | ||
| 490 | 1 | |a Súbor turistických máp | |
| 500 | |a Mapa je rozdělena na jižní a severní část, každá je tištěna na samostatné straně společného listu | ||
| 500 | |a Obsahuje doplňkové plány Jahodník, Harmónia a Piesok-Zochova chata | ||
| 546 | |a Legenda slovensky, maďarsky, anglicky, německy a rusky | ||
| 650 | 0 | 7 | |a turistické trasy |7 ph606745 |2 czenas |
| 650 | 0 | 7 | |a turistické zajímavosti |7 ph126800 |2 czenas |
| 610 | 1 | 7 | |a Malé Karpaty (Slovensko : pohoří : oblast) |7 xx0121408 |2 czenas |
| 655 | 7 | |a turistické mapy |7 fd133737 |2 czenas | |
| 700 | 1 | |a Ščipák, Jozef |7 mzk2005274924 |4 pbd | |
| 700 | 1 | |a Farkaš, Mikuláš, |d 1928-1990 |7 mzk2009496324 |4 ant | |
| 700 | 1 | |a Stasz, Michal |7 jo2007376761 |4 ant | |
| 700 | 1 | |a Ružek, Milan |7 mzk2008479611 |4 red | |
| 700 | 1 | |a Kelemen, Albert, |d 1922-1985 |7 jx20061209045 |4 oth | |
| 700 | 1 | |a Hudáňová, Helena |4 bjd | |
| 710 | 2 | |a Slovenská kartografia |7 ko2003206561 |4 pbl |4 prt |4 ctg | |
| 710 | 1 | |a Československý svaz tělesné výchovy. |b Svaz turistiky |4 pbl | |
| 830 | 0 | |a Súbor turistických máp | |
| 910 | |a BOA001 |b PK-0068.115-77 |b Skř.9A-0552.162-77 | ||
| 964 | |a Malé Karpaty - mapy turistické | ||
| 990 | |a MP | ||
| 991 | |b 201405 | ||
| 996 | 6 | |b 2619672609 |c Skř.9A-0552.162-77 |l MZK |r Sklad / do 24 hodin |n 0 |w 000386007 |u 000020 |a 1 |e BOA001 |j MZK50 |s P | |
| 996 | 7 | |b 3119814991 |c PK-0068.115-77 |l MZK |r Sklad / do 1 hodiny |n 0 |w 000386007 |u 000010 |a 1 |e BOA001 |j MZK50 |s A | |
English
Čeština 